000 00873nam a22002777a 4500
003 DO-SdBPM
005 20260420140252.0
007 ta
008 171120b1987 sp ||||| |||| 00| 0 spa d
020 _a8432055913
040 _aDO-SdBPM
_bspa
_cBPMSU
_erda
082 0 4 _a849.93
_bM715n 1987
_222
100 1 _aMoix, Terenci
_eautor
_4aut.
245 1 0 _aNo digas que fue un sueño :
_bMarco Antonio y Cleopatra /
_cTerenci Moix.
264 _aBarcelona :
_bPlaneta,
_c1987.
300 _a351 p. ;
_c18 cm.
336 _atexto
_btxt
_2rdacontent
337 _asin mediación
_bn
_2rdamedia
338 _avolumen
_bnc
_2rdacarrier
490 0 _aAutores españoles e hispanoamericanos
586 _aPremio Editorial Planeta 1986.
590 _aInventariado, 2026/VM
650 7 _aNovela catalana.
910 _aVMateo V. Control de calidad. BPMSU
942 _2ddc
_cBK
999 _c12953
_d12953